000 00455nam a2200193Ia 4500
005 20250425162645.0
008 250425s9999 xx 000 0 und d
020 _a003072046X
041 _aeng
082 _a574.88
245 0 _aASKING ABOUT LIFE
250 _aS.E
260 _aCALIFORNIA CITY
260 _aEstados Unidos
_bSAUNDERS COLLEGE PUBLISHING
_c1998
300 _a963
650 _aBIOLOGIA CELULAR
942 _c01
010 _a94842
999 _c233775
_d233775